Israeli politics and the Middle East peace process, 1988-2002 / (Record no. 27785)
[ view plain ]
| 000 -LEADER | |
|---|---|
| fixed length control field | 01809cam a22003615i 4500 |
| 001 - CONTROL NUMBER | |
| control field | 13286260 |
| 003 - CONTROL NUMBER IDENTIFIER | |
| control field | EG-ScBUE |
| 005 - DATE AND TIME OF LATEST TRANSACTION | |
| control field | 20191121152625.0 |
| 008 - FIXED-LENGTH DATA ELEMENTS--GENERAL INFORMATION | |
| fixed length control field | 030723s2014 enka f b 001 0 eng d |
| 020 ## - INTERNATIONAL STANDARD BOOK NUMBER | |
| International Standard Book Number | 9780415649315 |
| 035 ## - SYSTEM CONTROL NUMBER | |
| System control number | (OCoLC)ocm52750185 |
| 040 ## - CATALOGING SOURCE | |
| Original cataloging agency | DLC |
| Language of cataloging | eng |
| Description conventions | rda |
| Transcribing agency | DLC |
| Modifying agency | YDX |
| -- | UKM |
| -- | OCLCQ |
| -- | BAKER |
| -- | NLGGC |
| -- | DLC |
| -- | EG-ScBUE |
| 043 ## - GEOGRAPHIC AREA CODE | |
| Geographic area code | a-is--- |
| -- | aw----- |
| 082 04 - DEWEY DECIMAL CLASSIFICATION NUMBER | |
| Classification number | 959.94054 |
| Item number | BAR |
| Edition number | 22 |
| 100 1# - MAIN ENTRY--PERSONAL NAME | |
| Personal name | Barari, Hassan A. |
| Fuller form of name | (Hassan Abdulmuhdi), |
| Dates associated with a name | 1964- |
| Relator term | author. |
| 245 10 - TITLE STATEMENT | |
| Title | Israeli politics and the Middle East peace process, 1988-2002 / |
| Statement of responsibility, etc | Hassan A. Barari. |
| 264 #1 - PUBLICATION, DISTRIBUTION, ETC. (IMPRINT) | |
| Place of publication, distribution, etc | Abingdon, Oxon ; |
| -- | New York : |
| Name of publisher, distributor, etc | Routledge / Taylor and Francis Group, |
| Date of publication, distribution, etc | 2014. |
| 300 ## - PHYSICAL DESCRIPTION | |
| Extent | viii, 198 pages ; |
| Dimensions | 24 cm. |
| 336 ## - CONTENT TYPE | |
| Content type term | text |
| Content type code | txt |
| Source | rdacontent |
| 337 ## - MEDIA TYPE | |
| Media type term | unmediated |
| Media type code | n |
| Source | rdamedia |
| 338 ## - CARRIER TYPE | |
| Carrier type term | volume |
| Carrier type code | nc |
| Source | rdacarrier |
| 490 0# - SERIES STATEMENT | |
| Series statement | Durham modern Middle East and Islamic world series ; |
| Volume number/sequential designation | 6 |
| 500 ## - GENERAL NOTE | |
| General note | First published : 2004 |
| 504 ## - BIBLIOGRAPHY, ETC. NOTE | |
| Bibliography, etc | Includes bibliographical references and index. |
| 520 ## - SUMMARY, ETC. | |
| Summary, etc | "This book argues the domestic Israeli politics have been a key factor in determining Israeli-Palestinian peacemaking in the period from 1988 to the present. It traces developments over this period showing how coalition-building, personalities, and differing views of how Israel should develop, and of how Israel should interact with Palestinians, all had a crucial influence." |
| 650 #7 - SUBJECT ADDED ENTRY--TOPICAL TERM | |
| Topical term or geographic name as entry element | Arab-Israeli conflict |
| Chronological subdivision | 1993- |
| General subdivision | Peace. |
| Source of heading or term | BUEsh |
| 9 (RLIN) | 29308 |
| 651 #7 - SUBJECT ADDED ENTRY--GEOGRAPHIC NAME | |
| Geographic name | Israel |
| General subdivision | Politics and government |
| Chronological subdivision | 20th century. |
| Source of heading or term | BUEsh |
| 653 ## - INDEX TERM--UNCONTROLLED | |
| Resource For college | MASTER - Political Science |
| Arrived date list | November2019 |
| 655 ## - INDEX TERM--GENRE/FORM | |
| Form subdivision | Reading book |
| 856 41 - ELECTRONIC LOCATION AND ACCESS | |
| Materials specified | Table of contents only |
| Uniform Resource Identifier | <a href="http://www.loc.gov/catdir/toc/ecip047/2003016648.html">http://www.loc.gov/catdir/toc/ecip047/2003016648.html</a> |
| 856 42 - ELECTRONIC LOCATION AND ACCESS | |
| Materials specified | Publisher description |
| Uniform Resource Identifier | <a href="http://www.loc.gov/catdir/enhancements/fy0668/2003016648-d.html">http://www.loc.gov/catdir/enhancements/fy0668/2003016648-d.html</a> |
| 942 ## - ADDED ENTRY ELEMENTS (KOHA) | |
| Source of classification or shelving scheme | Dewey Decimal Classification |
| Koha item type | Book - Borrowing |
| Withdrawn status | Lost status | Source of classification or shelving scheme | Damaged status | Not for loan | Collection code | Home library | Current library | Shelving location | Date acquired | Source of acquisition | Cost, normal purchase price | Total Checkouts | Full call number | Barcode | Date last seen | Cost, replacement price | Price effective from | Koha item type |
|---|---|---|---|---|---|---|---|---|---|---|---|---|---|---|---|---|---|---|
| Dewey Decimal Classification | Baccah | Central Library | Central Library | Second Floor | 20/11/2019 | Purchase | 740.00 | 959.94054 BAR | 000048266 | 15/07/2025 | 925.00 | 20/11/2019 | Book - Borrowing |